000 00273nam a22001097a 4500
008 230704b xxu||||| |||| 00| 0 eng d
082 _a354.6
_bWAR 1980
245 _aReport of the Civil Service Review Committee 1979-80
260 _c1980
300 _a254p
942 _2ddc
_cBK
999 _c3734
_d3734